CRC handbook of laboratory safety

Bewaard in:
Bibliografische gegevens
Hoofdauteur: Furr, Keith A (Auteur)
Formaat: Boek
Taal:Engels
Gepubliceerd in: Boca Ratón CRC Press 2000
Editie:5a. ed
Onderwerpen:
Tags: Voeg label toe
Geen labels, Wees de eerste die dit record labelt!

MARC

LEADER 00000nam a2200000 a 4500
001 UCI2134
003 CL-VaPUC
008 070803e20000000US |||||||||||||||||eng|d
020 |a 0849325234 
082 0 4 |a 542.1  |b FUR  |2 21 
100 0 |a Furr, Keith A  |e author  |9 523007 
245 1 0 |a CRC handbook of laboratory safety 
250 |a 5a. ed 
300 |a 774 p 
942 |c BK 
945 |d 20070803 00:00:00  |a jtorresc 
260 |a Boca Ratón  |b CRC Press  |c 2000 
650 7 |a LABORATORIOS  |2 CL-VaPUC  |9 264068 
650 7 |a LABORATORIOS QUIMICOS  |2 CL-VaPUC  |9 336607 
650 0 |a Medidas de seguridad  |9 264085 
650 0 |a Prevención de accidentes   |9 262912 
583 |a last modification  |c 20070803 00:00:00  |k Rodrigo Vera 
999 |c 326769  |d 326767